000 00687cab a2200241 4500
001 WB3511-26
008 090401t1999 xxu||||| |||| 00| 0 eng d
035 _a(Sirsi) u92213
041 _aeng
245 _aLandfill tax rise
260 _c1999
350 _a0
490 _aContract Journal
_v397(6217) 17 March 1999, 6(1)
520 _aDemolition contractors welcome the increase in landfill tax, but call for more incentives to recycle construction waste.
650 _aCONSTRUCTION WASTE
650 _aDEMOLITION CONTRACTORS
650 _aLANDFILL TAX
650 _aRECYCLING INCENTIVES
650 _aRECYCLING
690 _aLAND
942 _n0
948 _c18/03/1999
999 _c58465
_d58465